Načítá se...

നാരായണീയം:ലക്ഷ്മീവിലാസം വ്യാഖ്യാനം (Narayaneeyam: Lakshmivilasam vyakhyanam)

Podrobná bibliografie
Hlavní autor: സാംബശിവ ശാസ്ത്രി,കെ (Sambashiva sasthri, K)
Médium: Printed Book
Vydáno: Thiruvananthapuram Govt. of Kerala 2005
Edice:Sri vanchi Sethu Lakshmi series
Témata:
LEADER 00843cam a2200181ua 4500
999 |c 16537  |d 16537 
020 |a 8188087343 
082 |a M294.592  |b SAM/N 
100 |a സാംബശിവ ശാസ്ത്രി,കെ (Sambashiva sasthri, K) 
245 0 0 |a നാരായണീയം:ലക്ഷ്മീവിലാസം വ്യാഖ്യാനം (Narayaneeyam: Lakshmivilasam vyakhyanam) 
260 |a Thiruvananthapuram  |b Govt. of Kerala  |c 2005 
300 |a 656p. 
490 0 |a Sri vanchi Sethu Lakshmi series 
650 0 |a ദശാവതാര കഥ  
650 0 |a Narayaneeyam- Interpretation 
700 |a സാംബശിവ ശാസ്ത്രി,കെ (Sambashiva sasthri, K) 
942 |c BK 
952 |0 0  |1 0  |4 0  |6 M_294_592000000000000_NAR  |7 0  |9 17245  |a KUCL  |c M  |d 2014-05-23  |g 240.00  |l 1  |m 1  |o M294.592 NAR  |p 18276  |r 2015-07-27  |s 2015-06-02  |y BK